000
00375nam a2200181Ia 4500
003
0STCL
008
150530s9999 xx 000 0 und d
040
_a
STCL
_c
STCL
100
_a
Nair, S.K.
245
_a
Paradesi Athava Yachakan
250
_a
1
260
_c
0
300
_a
0
546
_a
Malayalam
942
_2
ddc
_c
BK
999
_c
50070
_d
50070
005
20220125170814.0